Score 0/24 Timer 07:00
0 Plays Today
% Correct
The Beatles
99%
Justin Bieber
95%
Michelle Obama
94.9%
Bob Marley
85.1%
Shailene Woodley and Jimmy Fallon
82.6%
Warren Buffett and Bill Gates
82%
Catherine, Duchess of Cambridge
80.8%
Marilyn Monroe
77.7%
Kim Kardashian
76.2%
Martha Stewart
68.7%
Shirley Temple
67.2%
David Bowie
66.5%
% Correct
Susan Sarandon
65.4%
Sacha Baron Cohen
60.3%
Fidel Castro
58.2%
Christina Applegate
53.2%
Alice Cooper (and Santa Claus)
51.1%
Bill and Hillary Rodham Clinton
50.9%
Christina Aguilera
44.9%
Enrique Iglesias
41.2%
Lil Jon
36.7%
Bette Davis
36.2%
Elton John
35.2%
James Dean
32.1%
Remove Ads.
Support Sporcle.
Get the best of Sporcle when you Go Orange. This ad-free experience offers more features, more stats, and more fun while also helping to support Sporcle. Thank you for becoming a member.

You're not logged in!

Compare scores with friends on all Sporcle quizzes.
OR
Log In

Sporcle TV

Today on Sporcle TV


Watch our educational content, quiz creation guides, and fun videos on Sporcle TV.

Show Comments

Extras

Top Quizzes Today


Score Distribution

Paid Content

Your Account Isn't Verified!

In order to create a playlist on Sporcle, you need to verify the email address you used during registration. Go to your Sporcle Settings to finish the process.

Report this User

Report this user for behavior that violates our Community Guidelines.

Details: